[Event "4NCL Online Division 5"]
[Site "online"]
[Date "2020.05.26"]
[Round "8.244"]
[White "Burnett, John"]
[Black "Florczak, Adam"]
[Result "1-0"]
[WhiteElo "1247"]
[BlackElo "700"]
[PlyCount "119"]
[EventDate "2020.05.26"]
[WhiteTeam "Bishop Knights"]
[BlackTeam "BBC Penguins"]

1. e4 e5 2. Nf3 Nc6 3. a3 Nf6 4. Nc3 Bc5 5. h3 d6 6. b4 Bb6 7. Bc4 h6 8. d3 O-O
9. Nd5 Nxd5 10. Bxd5 Nd4 11. c3 Nxf3+ 12. Qxf3 c6 13. Ba2 Be6 14. Qg3 Bxa2 15.
Rxa2 Qf6 16. Be3 Qe6 17. Rb2 Bxe3 18. Qxe3 Rae8 19. Qxa7 Re7 20. O-O d5 21. Qc5
d4 22. cxd4 exd4 23. Qxd4 Qe5 24. Qxe5 Rxe5 25. f3 Rg5 26. a4 Re8 27. Rc1 Re6
28. a5 Reg6 29. Rc5 Rxc5 30. bxc5 b5 31. axb6 Re6 32. b7 Re8 33. b8=Q Rxb8 34.
Rxb8+ Kh7 35. Rc8 f6 36. Rxc6 h5 37. Re6 Kg6 38. c6 Kf7 39. Rd6 Ke7 40. Rd4 Ke6
41. c7 Ke5 42. Rd5+ Ke6 43. c8=Q+ Ke7 44. Qc5+ Kf7 45. Rxh5 g6 46. Rh7+ Ke6 47.
Qc6+ Ke5 48. Qd5+ Kf4 49. Rh4+ Ke3 50. e5 g5 51. Re4+ Kd2 52. exf6 g4 53. hxg4
Kd1 54. Qb3+ Kc1 55. Re1+ Kd2 56. Qd1+ Kc3 57. d4 Kb2 58. Qd3 Ka2 59. Re2+ Ka1
60. Qd1# 1-0

[Event "4NCL Online Division 5"]
[Site "online"]
[Date "2020.05.26"]
[Round "8.251"]
[White "Dhemrait, Surjit S"]
[Black "Parsons, Robert"]
[Result "0-1"]
[WhiteElo "1518"]
[BlackElo "1720"]
[PlyCount "56"]
[EventDate "2020.05.26"]
[WhiteTeam "Harrow 4"]
[BlackTeam "Hatch End B"]

1. e4 e5 2. Nf3 Nc6 3. Nc3 d6 4. Bb5 a6 5. Ba4 Nf6 6. O-O Be7 7. a3 O-O 8. Bxc6
bxc6 9. d3 Bg4 10. Bg5 Rb8 11. b4 Re8 12. h3 Bh5 13. Kh2 d5 14. g4 Bg6 15. Nxe5
Bd6 16. f4 Rxe5 17. fxe5 Bxe5+ 18. Kg2 Bxc3 19. Rb1 dxe4 20. Bxf6 Bxf6 21. dxe4
Bxe4+ 22. Kg1 Bd4+ 23. Rf2 Bxf2+ 24. Kxf2 Qh4+ 25. Ke3 Qg3+ 26. Kxe4 Re8+ 27.
Kd4 Rd8+ 28. Kc5 Qc3# 0-1

[Event "4NCL Online Division 5"]
[Site "online"]
[Date "2020.05.26"]
[Round "8.252"]
[White "Barry, Brendan"]
[Black "Nettleton, Robin"]
[Result "1/2-1/2"]
[WhiteElo "1315"]
[BlackElo "1487"]
[PlyCount "161"]
[EventDate "2020.05.26"]
[WhiteTeam "Hatch End B"]
[BlackTeam "Harrow 4"]

1. e4 e5 2. Nc3 Bb4 3. Nf3 Bxc3 4. bxc3 Nc6 5. Bc4 d6 6. O-O Nf6 7. h3 O-O 8.
d4 Nxe4 9. d5 Ne7 10. Bb2 f5 11. Re1 Ng6 12. g3 Ng5 13. h4 Nxf3+ 14. Qxf3 Bd7
15. a4 a5 16. Bb3 b6 17. c4 Qe7 18. h5 e4 19. Qe3 Ne5 20. f4 Ng4 21. Qd4 Nf6
22. h6 gxh6 23. Kg2 Rf7 24. Rh1 h5 25. Rxh5 e3 26. c5 Qe4+ 27. Qxe4 Nxe4 28.
cxd6 Nxd6 29. Kf3 Re8 30. Re1 Ne4 31. Bc1 c5 32. dxc6 Be6 33. Bxe6 Rxe6 34.
Bxe3 Rxc6 35. g4 Rg7 36. gxf5 Rg3+ 37. Kxe4 Rc3 38. f6 Rc4+ 39. Bd4 Rg6 40. Kd3
Rxa4 41. Bxb6 Rxf6 42. Bxa5 Ra3+ 43. c3 Rd6+ 44. Kc2 Rg6 45. Re8+ Kf7 46. f5
Kxe8 47. fxg6 hxg6 48. Rg5 Kf7 49. c4 Kf6 50. Bd8+ Kg7 51. c5 Ra6 52. Kb3 Ra8
53. Be7 Kf7 54. Bd6 Kf6 55. Rg3 Rc8 56. Rc3 Ke6 57. Bh2 Kd5 58. Kb4 g5 59. Rc4
Kc6 60. Bd6 Rg8 61. Rg4 Rg7 62. Bf4 Rb7+ 63. Kc4 Ra7 64. Bxg5 Ra4+ 65. Kb3 Rxg4
66. Be7 Kd5 67. Kc3 Rg3+ 68. Kb4 Kc6 69. Bd6 Rg4+ 70. Ka5 Rg2 71. Kb4 Rg4+ 72.
Kc3 Kb5 73. Kd3 Rh4 74. Kc3 Rh3+ 75. Kd4 Kc6 76. Ke5 Rh5+ 77. Ke6 Rh6+ 78. Ke5
Rh5+ 79. Ke6 Rd5 80. Ke7 Rxc5 81. Bxc5 1/2-1/2

[Event "4NCL Online Division 5"]
[Site "online"]
[Date "2020.05.26"]
[Round "8.253"]
[White "Dilukshan, Manoharan"]
[Black "Gill, Veer"]
[Result "0-1"]
[WhiteElo "1480"]
[BlackElo "1285"]
[PlyCount "44"]
[EventDate "2020.05.26"]
[WhiteTeam "Harrow 4"]
[BlackTeam "Hatch End B"]

1. e4 e5 2. Nf3 Nc6 3. Bb5 Nf6 4. Nc3 Bc5 5. Bxc6 bxc6 6. Nxe5 Qe7 7. Nf3 Nxe4
8. Nxe4 Qxe4+ 9. Qe2 Qxe2+ 10. Kxe2 Ba6+ 11. d3 O-O 12. Rd1 Rfe8+ 13. Kf1 d5
14. Bf4 Bb6 15. Re1 c5 16. Rxe8+ Rxe8 17. Re1 Rxe1+ 18. Kxe1 Ba5+ 19. Kf1 c4
20. d4 c3+ 21. Ke1 cxb2+ 22. Nd2 b1=Q# 0-1

[Event "4NCL Online Division 5"]
[Site "online"]
[Date "2020.05.26"]
[Round "8.254"]
[White "Shah, Ashok"]
[Black "Walker, David J R"]
[Result "0-1"]
[WhiteElo "1187"]
[BlackElo "1285"]
[PlyCount "64"]
[EventDate "2020.05.26"]
[WhiteTeam "Hatch End B"]
[BlackTeam "Harrow 4"]

1. e4 c5 2. Nf3 d6 3. d4 cxd4 4. Nxd4 Nf6 5. Nc3 e6 6. Bb5+ Bd7 7. Bg5 Be7 8.
f4 e5 9. fxe5 dxe5 10. Bxf6 Bxf6 11. Nf5 O-O 12. Qg4 g6 13. O-O-O Kh8 14. Bxd7
Nxd7 15. Nd5 Bg5+ 16. Nfe3 h5 17. Qh3 Rc8 18. Kb1 Nc5 19. Nb6 Qxb6 20. Nd5 Qc6
21. Qc3 Rfe8 22. Rhf1 Nxe4 23. Qxc6 Rxc6 24. Rxf7 Nd6 25. Rc7 e4 26. Rxc6 bxc6
27. Nc7 Re5 28. Rxd6 e3 29. Rd1 e2 30. Re1 Bd2 31. Rg1 e1=Q+ 32. Rxe1 Rxe1# 0-1

[Event "4NCL Online Division 5"]
[Site "online"]
[Date "2020.05.26"]
[Round "8.5"]
[White "Khan, Tariqul"]
[Black "Holland, Nicolas"]
[Result "1-0"]
[WhiteElo "1900"]
[BlackElo "1225"]
[PlyCount "71"]
[EventDate "2020.05.26"]
[WhiteTeam "East London Knights"]
[BlackTeam "Watford Juniors C"]

1. e4 e6 2. c4 d5 3. cxd5 exd5 4. exd5 Qxd5 5. Nc3 Qd8 6. Nf3 Bc5 7. Bc4 Nf6 8.
O-O O-O 9. d4 Bb4 10. Qb3 Bd6 11. Be3 b6 12. Rad1 Bb7 13. Ne5 Qe8 14. f4 Ng4
15. Nxg4 Nd7 16. Ne5 h6 17. Nd5 Rc8 18. Rfe1 c6 19. Nc3 c5 20. Bd5 Bxd5 21.
Qxd5 Qe7 22. Nxd7 Qxd7 23. dxc5 bxc5 24. Qxd6 Qxd6 25. Rxd6 c4 26. Rd7 Ra8 27.
f5 Rfe8 28. Kf2 a5 29. f6 Rab8 30. Re2 gxf6 31. Bxh6 Rxe2+ 32. Kxe2 Rxb2+ 33.
Kf3 a4 34. Ne4 Rxa2 35. Nxf6+ Kh8 36. Rd8# 1-0

[Event "4NCL Online Division 5"]
[Site "online"]
[Date "2020.05.26"]
[Round "8.6"]
[White "Demyan, Leo"]
[Black "Maraiyesa, Wole"]
[Result "0-1"]
[WhiteElo "1165"]
[BlackElo "1900"]
[PlyCount "122"]
[EventDate "2020.05.26"]
[WhiteTeam "Watford Juniors C"]
[BlackTeam "East London Knights"]

1. e4 e6 2. Nf3 d5 3. d3 dxe4 4. Ne5 Nf6 5. Nc3 exd3 6. Bxd3 Bd6 7. Nf3 h6 8.
g3 c6 9. Bd2 a5 10. O-O Na6 11. Bxa6 Rxa6 12. Na4 b5 13. Nc3 Bb7 14. Re1 O-O
15. Qc1 Kh7 16. Rd1 c5 17. Nxb5 Bxf3 18. Re1 Bb8 19. Re3 Bc6 20. Rd3 Qb6 21.
Nc3 Ba8 22. f3 Rd8 23. Re3 c4 24. b3 Be5 25. Na4 Qa7 26. Rb1 Bd4 27. Kg2 Bxe3
28. Bxe3 Qb7 29. Qf1 Nd5 30. Qf2 Nxe3+ 31. Qxe3 Rad6 32. Rf1 Rd2+ 33. Rf2 Rxf2+
34. Kxf2 Qb4 35. Nc3 cxb3 36. cxb3 Qd4 37. Qxd4 Rxd4 38. Ke3 e5 39. f4 f6 40.
Nb5 Re4+ 41. Kd3 exf4 42. gxf4 Rxf4 43. Nd6 Rf2 44. a4 Rxh2 45. Nc4 Rh5 46. Kc3
Bc6 47. b4 Rh3+ 48. Kd4 axb4 49. a5 b3 50. Kc5 Rc3 51. a6 Rxc4+ 52. Kxc4 b2 53.
a7 b1=Q 54. a8=Q Bxa8 55. Kc3 h5 56. Kc4 h4 57. Kc5 h3 58. Kc4 h2 59. Kd4 h1=Q
60. Kc4 Qhe4+ 61. Kc5 Qbb4# 0-1

[Event "4NCL Online Division 5"]
[Site "online"]
[Date "2020.05.26"]
[Round "8.7"]
[White "Kamath, Raghu"]
[Black "Keerthi Kumar, Advait"]
[Result "1-0"]
[WhiteElo "1758"]
[BlackElo "1075"]
[PlyCount "73"]
[EventDate "2020.05.26"]
[WhiteTeam "East London Knights"]
[BlackTeam "Watford Juniors C"]

1. e4 e5 2. f4 exf4 3. Nf3 Nf6 4. e5 Nd5 5. d4 Nc6 6. Bc4 Nb6 7. Bb3 Be7 8.
Bxf4 O-O 9. O-O d6 10. c3 dxe5 11. Nxe5 Nxe5 12. Bxe5 Bd6 13. Bxd6 Qxd6 14. Qf3
Be6 15. Qxb7 Bxb3 16. axb3 Qe6 17. Nd2 Qe3+ 18. Rf2 Rfd8 19. Qxc7 Rd7 20. Qxb6
h6 21. Qc6 Rdd8 22. Qc7 Re8 23. Qxf7+ Kh8 24. Qf3 Qe6 25. Raf1 Rad8 26. Nc4 Rd7
27. Ne5 Rde7 28. b4 Kg8 29. h3 Qd6 30. Qh5 Re6 31. Nf7 Qe7 32. Ne5 Qd6 33. Qf7+
Kh8 34. Qxa7 R8e7 35. Rf8+ Kh7 36. Qa8 Qc7 37. Rh8# 1-0

[Event "4NCL Online Division 5"]
[Site "online"]
[Date "2020.05.26"]
[Round "8.8"]
[White "Khandelwal, Akshaj"]
[Black "Kamath, Vikram"]
[Result "0-1"]
[WhiteElo "1150"]
[BlackElo "1787"]
[PlyCount "134"]
[EventDate "2020.05.26"]
[WhiteTeam "Watford Juniors C"]
[BlackTeam "East London Knights"]

1. e4 e6 2. d4 d5 3. exd5 exd5 4. Nf3 Bd6 5. Bd3 Ne7 6. h3 Bf5 7. Bxf5 Nxf5 8.
O-O O-O 9. Nc3 c6 10. Bg5 f6 11. Be3 Qd7 12. Re1 Na6 13. a3 Nc7 14. Qd3 Rae8
15. Rad1 Ne7 16. Nh4 f5 17. Nf3 f4 18. Bd2 Qf5 19. Qxf5 Nxf5 20. Rxe8 Rxe8 21.
Na4 b6 22. Nc3 h6 23. b4 b5 24. Re1 Rxe1+ 25. Bxe1 Ne6 26. Ne2 g5 27. g4 fxg3
28. fxg3 Ne3 29. c3 Nc2 30. g4 Nxa3 31. Ne5 Bxe5 32. dxe5 Kf7 33. Bg3 Nc4 34.
Kf2 a5 35. bxa5 Nxa5 36. Ke3 c5 37. Kd2 d4 38. cxd4 Nb3+ 39. Kc3 Nexd4 40. Nxd4
Nxd4 41. Kd3 Ke6 42. Kd2 Nf3+ 43. Ke3 Nxe5 44. Bxe5 Kxe5 45. Kd3 Kf4 46. Ke2
Kg3 47. Kf1 Kxh3 48. Kg1 Kxg4 49. Kf2 Kf4 50. Ke2 b4 51. Kd2 g4 52. Ke2 b3 53.
Kd2 g3 54. Kc3 c4 55. Kxc4 b2 56. Kd5 b1=Q 57. Ke6 Qf5+ 58. Ke7 g2 59. Kd6 g1=R
60. Kc6 Qd3 61. Kc5 Rc1+ 62. Kb4 Qd4+ 63. Kb3 Qc3+ 64. Ka4 Qc4+ 65. Ka3 Rc3+
66. Kb2 Rb3+ 67. Ka2 Qa4# 0-1

[Event "4NCL Online Division 5"]
[Site "online"]
[Date "2020.05.26"]
[Round "8.15"]
[White "Pordes, Ben"]
[Black "Adiraju, Sumukh"]
[Result "1-0"]
[WhiteElo "1555"]
[BlackElo "700"]
[PlyCount "50"]
[EventDate "2020.05.26"]
[WhiteTeam "Uxbridge Knights 2"]
[BlackTeam "BBC Foxes"]

1. d4 d5 2. c4 Bf5 3. Nf3 Bxb1 4. Rxb1 c6 5. Bf4 dxc4 6. e3 Qa5+ 7. Nd2 Qxa2 8.
Bxc4 Qa5 9. Qb3 b5 10. Bxf7+ Kd8 11. Bxg8 e5 12. Bxe5 Bb4 13. Rd1 Bxd2+ 14.
Rxd2 Qa1+ 15. Rd1 Qa5+ 16. Ke2 Nd7 17. Bxg7 b4 18. Bxh8 Qb5+ 19. Rd3 c5 20.
dxc5 Kc8 21. Rc1 Nxc5 22. Rxc5+ Qxc5 23. Be6+ Kb7 24. Qd5+ Qxd5 25. Bxd5+ Ka6
1-0

[Event "4NCL Online Division 5"]
[Site "online"]
[Date "2020.05.26"]
[Round "8.16"]
[White "Tran, Le Gia Khuong"]
[Black "Smith, Richard"]
[Result "0-1"]
[WhiteElo "700"]
[BlackElo "1427"]
[PlyCount "68"]
[EventDate "2020.05.26"]
[WhiteTeam "BBC Foxes"]
[BlackTeam "Uxbridge Knights 2"]

1. e4 c5 2. Nf3 Nc6 3. Be2 e6 4. d3 d5 5. exd5 exd5 6. O-O Nf6 7. Re1 Be7 8. h3
O-O 9. Nc3 a6 10. Bd2 d4 11. Nb1 Re8 12. c4 Bd6 13. Na3 h6 14. b3 Ne5 15. Nxe5
Bxe5 16. Bf3 Qc7 17. Kf1 Bf5 18. Bc1 Rab8 19. Be4 Nxe4 20. dxe4 Bg6 21. f3 f5
22. exf5 Bxf5 23. g4 Bg6 24. Re2 d3 25. Rd2 Bxa1 26. Bb2 Bxb2 27. Rxb2 Rbd8 28.
Rd2 Qg3 29. Rg2 Qxh3 30. Kg1 Qh4 31. Rh2 Re1+ 32. Kg2 Re2+ 33. Kg1 Qxh2+ 34.
Kf1 Qf2# 0-1

[Event "4NCL Online Division 5"]
[Site "online"]
[Date "2020.05.26"]
[Round "8.17"]
[White "Nandi, Asoke K"]
[Black "Panunzio, Jacopo"]
[Result "1-0"]
[WhiteElo "1457"]
[BlackElo "700"]
[PlyCount "91"]
[EventDate "2020.05.26"]
[WhiteTeam "Uxbridge Knights 2"]
[BlackTeam "BBC Foxes"]

1. e4 e5 2. Nf3 Nc6 3. d4 exd4 4. Nxd4 Nf6 5. Nxc6 dxc6 6. Bd3 c5 7. c3 c4 8.
Qa4+ Bd7 9. Qxc4 Bd6 10. O-O O-O 11. Bg5 Be7 12. Nd2 Nh5 13. Bxe7 Qxe7 14. Qb3
Qe6 15. Bc4 Qb6 16. Qc2 Qc6 17. Bd3 Nf4 18. Rfe1 Qg6 19. Bf1 Bb5 20. c4 Ba6 21.
b3 c6 22. g3 Ne6 23. Nf3 b5 24. Ne5 Qf6 25. Nxc6 bxc4 26. bxc4 Rac8 27. Na5
Rxc4 28. Bxc4 Bxc4 29. Qxc4 Ng5 30. Kg2 Qf3+ 31. Kg1 Nh3+ 32. Kf1 Qh1+ 33. Ke2
Qg2 34. Rf1 Nf4+ 35. Ke3 Nh5 36. Rad1 Qxh2 37. Rh1 Qg2 38. Rxh5 Re8 39. Qc6
Rxe4+ 40. Qxe4 Qxe4+ 41. Kxe4 h6 42. Nc6 Kh7 43. Nxa7 g6 44. Re5 f6 45. Rd7+
Kh8 46. Re8# 1-0

[Event "4NCL Online Division 5"]
[Site "online"]
[Date "2020.06.02"]
[Round "9.11"]
[White "Dabner, Tom"]
[Black "Lawson, David"]
[Result "1/2-1/2"]
[WhiteElo "1690"]
[BlackElo "1765"]
[PlyCount "67"]
[EventDate "2020.06.02"]
[WhiteTeam "Nottingham University 2"]
[BlackTeam "CSC 5"]

1. e4 c5 2. d4 cxd4 3. c3 e5 4. cxd4 exd4 5. Qxd4 Nc6 6. Qa4 Nf6 7. Nc3 Bb4 8.
Nf3 Nxe4 9. Qc2 d5 10. Bd3 O-O 11. O-O Nf6 12. Bg5 Be7 13. Bxf6 Bxf6 14. Bxh7+
Kh8 15. Bf5 Bxc3 16. bxc3 Qf6 17. Bxc8 Raxc8 18. Qd3 Rcd8 19. Rad1 Rfe8 20. Nd4
Nxd4 21. Qh3+ Kg8 22. Rxd4 Re4 23. Rfd1 Rde8 24. Rxe4 dxe4 25. Qd7 Qe7 26. a4
Kf8 27. Qh3 Kg8 28. Qd7 Kf8 29. a5 Qxd7 30. Rxd7 Re7 31. Rd8+ Re8 32. Rd7 Re7
33. Rd8+ Re8 34. Rd7 1/2-1/2

[Event "4NCL Online Division 5"]
[Site "online"]
[Date "2020.06.02"]
[Round "9.12"]
[White "Usher, Michael E"]
[Black "Finn, Daniel"]
[Result "0-1"]
[WhiteElo "1677"]
[BlackElo "1676"]
[PlyCount "90"]
[EventDate "2020.06.02"]
[WhiteTeam "CSC 5"]
[BlackTeam "Nottingham University 2"]

1. d4 d5 2. Nf3 Nf6 3. e3 e6 4. Bd3 Be7 5. O-O O-O 6. Nbd2 Nbd7 7. b3 a6 8. Bb2
b5 9. Ne5 Bb7 10. Qf3 Rc8 11. Qh3 Re8 12. Ndf3 Ne4 13. Nxd7 Qxd7 14. Ne5 Qd8
15. f3 Nf6 16. g4 g6 17. Rf2 Bf8 18. Rg2 Bg7 19. Rf1 Nd7 20. f4 Nxe5 21. fxe5
c5 22. dxc5 Rxc5 23. Bd4 Rc8 24. Rgf2 Rf8 25. Qg3 Qc7 26. g5 b4 27. h4 a5 28.
h5 Ra8 29. Qh2 Ba6 30. hxg6 fxg6 31. Bxa6 Rxa6 32. Rxf8+ Bxf8 33. Qf2 Bg7 34.
Qe2 Ra8 35. Qg4 Qe7 36. Rf2 Re8 37. Qh4 Qc7 38. Rh2 Bh8 39. Qg3 Rf8 40. Qh3 Rf5
41. Bb6 Rxg5+ 42. Kh1 Qf7 43. Bxa5 Bxe5 44. Rd2 Rh5 45. Qxh5 Qf1# 0-1

[Event "4NCL Online Division 5"]
[Site "online"]
[Date "2020.06.02"]
[Round "9.13"]
[White "Litherland, Jack"]
[Black "Wenninger, Maxim"]
[Result "0-1"]
[WhiteElo "1300"]
[BlackElo "1540"]
[PlyCount "72"]
[EventDate "2020.06.02"]
[WhiteTeam "Nottingham University 2"]
[BlackTeam "CSC 5"]

1. d4 d5 2. Nc3 Nf6 3. Bg5 Bf5 4. Bxf6 exf6 5. e3 c6 6. a3 Bd6 7. Bd3 Bxd3 8.
Qxd3 O-O 9. Nge2 g6 10. g4 Qd7 11. h3 Re8 12. O-O-O b5 13. e4 b4 14. axb4 Bxb4
15. f4 Qc7 16. f5 Bxc3 17. Nxc3 Qf4+ 18. Qd2 Qd6 19. Rde1 Nd7 20. h4 Rab8 21.
g5 Qb4 22. b3 Rb6 23. exd5 Qa3+ 24. Kd1 Qa1+ 25. Qc1 Rxe1+ 26. Rxe1 Qxc3 27.
Re8+ Kg7 28. gxf6+ Nxf6 29. Re3 Qxd4+ 30. Rd3 Qg4+ 31. Kd2 cxd5 32. Qb2 Qxf5
33. Re3 Qf2+ 34. Re2 Qf4+ 35. Re3 d4 36. Qxd4 Qxd4+ 0-1

[Event "4NCL Online Division 5"]
[Site "online"]
[Date "2020.06.02"]
[Round "9.14"]
[White "Khoury, Theo"]
[Black "Soe, Zwe Wai Yan"]
[Result "1-0"]
[WhiteElo "1465"]
[BlackElo "1195"]
[PlyCount "59"]
[EventDate "2020.06.02"]
[WhiteTeam "CSC 5"]
[BlackTeam "Nottingham University 2"]

1. e4 e5 2. Nf3 Nc6 3. d4 exd4 4. Nxd4 Qf6 5. Nxc6 Qxc6 6. Bd3 Bd6 7. O-O b5 8.
Nc3 Rb8 9. Qe2 a6 10. Be3 b4 11. Nd5 a5 12. Bd4 f6 13. Qg4 Kf7 14. b3 Be5 15.
Bxe5 fxe5 16. Bc4 d6 17. Nxb4+ d5 18. Bxd5+ Qxd5 19. Qf3+ Nf6 20. Nxd5 Bg4 21.
Qe3 Nxd5 22. exd5 Rhe8 23. Qc5 Ra8 24. Qxc7+ Re7 25. Qc4 Rd8 26. Qxg4 Rxd5 27.
Qc4 Red7 28. Rad1 Ke6 29. Rxd5 Rxd5 30. Rd1 1-0

[Event "4NCL Online Division 5"]
[Site "online"]
[Date "2020.06.02"]
[Round "9.21"]
[White "Whatmore, Steve"]
[Black "Borman, Philip"]
[Result "0-1"]
[WhiteElo "1817"]
[BlackElo "2190"]
[PlyCount "58"]
[EventDate "2020.06.02"]
[WhiteTeam "Rugeley"]
[BlackTeam "Hertford"]

1. d4 Nf6 2. c4 c5 3. d5 b5 4. cxb5 a6 5. bxa6 g6 6. Nc3 Bxa6 7. e4 Bxf1 8.
Kxf1 d6 9. Bg5 Bg7 10. Bxf6 Bxf6 11. Nge2 Nd7 12. g3 O-O 13. Nf4 Bxc3 14. bxc3
Ra3 15. Rc1 Qa5 16. Qg4 Ne5 17. Qe2 Rxa2 18. Rc2 Rxc2 19. Qxc2 Ra8 20. Kg2 Qa2
21. Rc1 Qc4 22. Rb1 Ra2 23. Rb2 Rxb2 24. Qxb2 Qxe4+ 25. Kh3 Qf5+ 26. Kg2 Qe4+
27. Kh3 g5 28. Nh5 g4+ 29. Kh4 Nf3# 0-1

[Event "4NCL Online Division 5"]
[Site "online"]
[Date "2020.06.02"]
[Round "9.22"]
[White "Cheal, Barry A"]
[Black "Carr, Matthew"]
[Result "1-0"]
[WhiteElo "2193"]
[BlackElo "1692"]
[PlyCount "73"]
[EventDate "2020.06.02"]
[WhiteTeam "Hertford"]
[BlackTeam "Rugeley"]

1. c4 b6 2. e4 Bb7 3. Nc3 e6 4. d4 Bb4 5. Qc2 Nf6 6. Bd3 d5 7. cxd5 Bxc3+ 8.
bxc3 exd5 9. e5 Ne4 10. Nf3 O-O 11. O-O c5 12. Re1 f5 13. exf6 Nxf6 14. Bg5 h6
15. Bh4 Nbd7 16. Ne5 Qc7 17. Ng6 Rfe8 18. Bf5 cxd4 19. Be6+ Rxe6 20. Rxe6 Qxc3
21. Qxc3 dxc3 22. Bxf6 Nxf6 23. Re3 d4 24. Rd3 Rd8 25. Ne7+ Kf7 26. Nf5 Be4 27.
Rxd4 Rxd4 28. Nxd4 Nd5 29. f3 Bg6 30. Rc1 b5 31. a3 a5 32. Nxb5 c2 33. Nd6+ Ke6
34. Ne4 Ke5 35. Rxc2 Bxe4 36. fxe4 Kxe4 37. Rc5 1-0

[Event "4NCL Online Division 5"]
[Site "online"]
[Date "2020.06.02"]
[Round "9.23"]
[White "Sullivan, Luke"]
[Black "Judkins, Brian D"]
[Result "0-1"]
[WhiteElo "1585"]
[BlackElo "1697"]
[PlyCount "76"]
[EventDate "2020.06.02"]
[WhiteTeam "Rugeley"]
[BlackTeam "Hertford"]

1. c4 Nc6 2. Nc3 e5 3. g3 g6 4. d3 Bg7 5. Bg2 Nge7 6. Nf3 d6 7. Rb1 a5 8. O-O
O-O 9. b3 Rb8 10. Bd2 b6 11. Qc1 f5 12. Bh6 Bd7 13. Bxg7 Kxg7 14. Qb2 Kg8 15.
Qc1 f4 16. Qd2 Qe8 17. Nh4 g5 18. Nf3 Qg6 19. Ne4 h6 20. Rfe1 Rf7 21. Kh1 Rbf8
22. Ng1 Nd4 23. Nf3 Nxf3 24. exf3 Nc6 25. g4 Nd4 26. b4 axb4 27. Rxb4 Rh7 28.
Qd1 Bc6 29. h4 Bxe4 30. fxe4 h5 31. gxh5 Rxh5 32. Kg1 gxh4 33. Kh2 f3 34. Bh1
Rg5 35. Rg1 Rf4 36. Rxg5 Qxg5 37. Qa4 Ne2 38. Qd7 Qg1+ 0-1

[Event "4NCL Online Division 5"]
[Site "online"]
[Date "2020.06.02"]
[Round "9.24"]
[White "Wooster, Nick"]
[Black "Wood, Ryan"]
[Result "1-0"]
[WhiteElo "1690"]
[BlackElo "1322"]
[PlyCount "69"]
[EventDate "2020.06.02"]
[WhiteTeam "Hertford"]
[BlackTeam "Rugeley"]

1. e4 c5 2. Nf3 d6 3. c3 Nf6 4. Be2 e6 5. O-O Be7 6. Re1 O-O 7. Bf1 a6 8. d4
cxd4 9. cxd4 Qc7 10. Nc3 b5 11. a3 Bb7 12. Bf4 Nbd7 13. Rc1 Qb6 14. Bd3 Rac8
15. Bb1 b4 16. axb4 Qxb4 17. Qd3 g6 18. Qd2 Rfd8 19. Bg5 Re8 20. e5 Nd5 21.
Nxd5 Qxd2 22. Nxe7+ Kf8 23. Nxd2 Rxe7 24. Bxe7+ Kxe7 25. Rxc8 Bxc8 26. exd6+
Kxd6 27. Ba2 Bb7 28. Nc4+ Ke7 29. Na5 Bc8 30. Rc1 Kd8 31. d5 exd5 32. Bxd5 f6
33. Be6 Nb6 34. Bxc8 Nxc8 35. Rc6 1-0

[Event "4NCL Online Division 5"]
[Site "online"]
[Date "2020.06.02"]
[Round "9.31"]
[White "O'neill, Sam"]
[Black "Fisher, Peter S"]
[Result "1/2-1/2"]
[WhiteElo "1889"]
[BlackElo "1750"]
[PlyCount "76"]
[EventDate "2020.06.02"]
[WhiteTeam "Gonzaga D"]
[BlackTeam "Wirral League Wanderers"]

1. e4 d6 2. d4 Nf6 3. Nc3 e5 4. Nf3 Nbd7 5. Bc4 Be7 6. O-O O-O 7. Re1 c6 8. a4
b6 9. d5 cxd5 10. Nxd5 Bb7 11. b3 Rc8 12. Nxe7+ Qxe7 13. Nd2 Nc5 14. f3 Rfe8
15. Nf1 h6 16. Ne3 Qc7 17. Qd2 Rcd8 18. Bb2 Bc8 19. Rad1 Be6 20. Bxe6 Rxe6 21.
Qf2 Ree8 22. Nd5 Nxd5 23. Rxd5 Re7 24. Red1 Red7 25. Ba3 Ne6 26. Qd2 Nd4 27.
Bb2 Qxc2 28. Bxd4 Qxd2 29. Rxd2 exd4 30. R2xd4 Kf8 31. Kf2 Ke7 32. Ke3 Rc7 33.
Rd3 Rcd7 34. g3 Ke6 35. f4 f6 36. h4 Ke7 37. R5d4 Ke6 38. Rd5 Ke7 1/2-1/2

[Event "4NCL Online Division 5"]
[Site "online"]
[Date "2020.06.02"]
[Round "9.32"]
[White "Beckett, Phill"]
[Black "Moran, Hugh"]
[Result "1-0"]
[WhiteElo "1720"]
[BlackElo "1711"]
[PlyCount "121"]
[EventDate "2020.06.02"]
[WhiteTeam "Wirral League Wanderers"]
[BlackTeam "Gonzaga D"]

1. Nh3 d5 2. g3 e5 3. Bg2 Nf6 4. O-O Bd6 5. f4 c6 6. fxe5 Bxe5 7. d4 Bd6 8. Bf4
O-O 9. c4 Bg4 10. Qd3 Re8 11. Nc3 dxc4 12. Qxc4 Be6 13. Qd3 h6 14. e4 Bxf4 15.
Nxf4 Na6 16. a3 Nc7 17. Rad1 Qd7 18. e5 Nfd5 19. Ne4 Nxf4 20. gxf4 Bf5 21. Qg3
Bxe4 22. Bxe4 f5 23. Bb1 Qf7 24. Rf2 Qh5 25. Rdf1 Rad8 26. Qb3+ Nd5 27. Qxb7
Re7 28. Qxc6 Ne3 29. Ba2+ Kh7 30. Re1 Ng4 31. Rg2 Rxd4 32. Qc3 Rxf4 33. h3 Nxe5
34. Rxe5 Qd1+ 35. Kh2 Re4 36. Rxe4 fxe4 37. Qb3 Qd6+ 38. Kh1 Qd8 39. Qg3 Qd1+
40. Kh2 Qd7 41. Bb1 Kh8 42. Qg6 Qc7+ 43. Qg3 Qxg3+ 44. Kxg3 g5 45. Re2 Kg7 46.
Rxe4 Rb7 47. b4 Rc7 48. Kg4 Kf6 49. Re3 Rc1 50. Rf3+ Kg7 51. Bf5 Rc4+ 52. Kg3
h5 53. Rd3 h4+ 54. Kg2 Rf4 55. Bg4 Rf7 56. a4 Rb7 57. Rd7+ Rxd7 58. Bxd7 Kf6
59. Kf3 Ke5 60. Kg4 Kd6 61. Kxg5 1-0

[Event "4NCL Online Division 5"]
[Site "online"]
[Date "2020.06.02"]
[Round "9.34"]
[White "Ray, Hiya"]
[Black "Tempany, Max"]
[Result "0-1"]
[WhiteElo "1586"]
[BlackElo "1634"]
[PlyCount "112"]
[EventDate "2020.06.02"]
[WhiteTeam "Wirral League Wanderers"]
[BlackTeam "Gonzaga D"]

1. d4 d5 2. c4 e6 3. Nc3 Nf6 4. Nf3 Be7 5. Bg5 O-O 6. e3 Nbd7 7. Bd3 b6 8. cxd5
Nxd5 9. Bxe7 Nxc3 10. bxc3 Qxe7 11. O-O Bb7 12. Re1 c5 13. e4 cxd4 14. cxd4
Rac8 15. Qd2 Rfd8 16. Rac1 Qa3 17. Rc2 Rxc2 18. Qxc2 Rc8 19. Qe2 Rc1 20. h3
Rxe1+ 21. Nxe1 Qa4 22. Nf3 Nf6 23. e5 Bxf3 24. Qxf3 Nd5 25. Qe4 g6 26. Bb1 Nc3
27. Qa8+ Kg7 28. Qd8 Nd5 29. Be4 Qxd4 30. Bxd5 Qxd5 31. Qf6+ Kg8 32. h4 Qd1+
33. Kh2 Qh5 34. g4 Qxg4 35. Qd8+ Kg7 36. Qf6+ Kh6 37. Qxf7 Qxh4+ 38. Kg2 Qe4+
39. f3 Qxe5 40. Qxa7 Qe2+ 41. Kg3 Qb2 42. a4 Qe5+ 43. Kg2 Qa5 44. Qd7 Qg5+ 45.
Kf2 Qc5+ 46. Kg2 Qc2+ 47. Kg3 Qf5 48. f4 e5 49. Qxf5 gxf5 50. fxe5 Kg6 51. Kf4
h5 52. e6 Kf6 53. e7 Kxe7 54. Kxf5 Kd6 55. Kg5 Kc5 56. Kxh5 Kb4 0-1

[Event "4NCL Online Division 5"]
[Site "online"]
[Date "2020.06.02"]
[Round "9.41"]
[White "Willmott, Neil D"]
[Black "Hilton, Tim"]
[Result "0-1"]
[WhiteElo "1967"]
[BlackElo "1885"]
[PlyCount "100"]
[EventDate "2020.06.02"]
[WhiteTeam "St Albans 2"]
[BlackTeam "Bolton & Worsley"]

1. Nf3 f5 2. d4 Nf6 3. c4 e6 4. g3 Be7 5. Bg2 O-O 6. O-O d6 7. Nc3 Ne4 8. Qc2
Nxc3 9. Qxc3 a5 10. e3 Bf6 11. Nd2 Nc6 12. Bxc6 bxc6 13. f4 c5 14. Nf3 Bb7 15.
Qd2 cxd4 16. exd4 Be4 17. b3 Qe8 18. Bb2 Qh5 19. Qf2 a4 20. Nd2 Bd3 21. Rfe1
axb3 22. axb3 Rxa1 23. Rxa1 Re8 24. Qe3 Be2 25. Re1 Bg4 26. Bc3 g5 27. b4 gxf4
28. Qxf4 Bg5 29. Qf2 d5 30. c5 f4 31. Nf1 Rf8 32. Re5 Qh6 33. Bd2 Qg7 34. Bxf4
Bf6 35. Qe3 Bxe5 36. Qxe5 Qxe5 37. Bxe5 c6 38. Ne3 Be2 39. Kg2 Ra8 40. b5 Bxb5
41. Ng4 Bd3 42. h4 Ra2+ 43. Kf3 h5 44. Nf6+ Kf7 45. Ke3 Be2 46. Kf4 Kg6 47. Nd7
Ra3 48. Bd6 Rf3+ 49. Ke5 Kf7 50. Bc7 Ke7 0-1